[Event "Collado Villalba op-A 32nd"]
[Site "Collado Villalba"]
[Date "2015.08.29"]
[Round "8"]
[White "Bermejo, Luis"]
[Black "Martinez Reyes, Pedro Ramon"]
[Result "0-1"]
[WhiteElo "2167"]
[BlackElo "2349"]
[PlyCount "64"]
[EventDate "2015.08.22"]
[EventType "swiss"]
[EventRounds "9"]
[EventCountry "ESP"]
[SourceTitle "EXT 2016"]
[Source "ChessBase"]
[SourceDate "2015.10.08"]
[SourceVersion "1"]
[SourceVersionDate "2015.10.08"]
[SourceQuality "1"]

1. e4 e6 2. d4 d5 3. e5 c5 4. c3 Nc6 5. Nf3 Qb6 6. Be2 cxd4 7. cxd4 Nh6 8. Nc3 Nf5 9. Na4 Qa5+ 10. Kf1 b5 11. Nc5 Bxc5 12. dxc5 b4 13. g4 Nfe7 14. a3 Ba6 15. Be3 Bxe2+ 16. Qxe2 bxa3 17. Rxa3 Qb4 18. Rg1 d4 19. Bg5 Ng6 20. Qe4 Rc8 21. Kg2 0-0 22. Ra6 Ngxe5 23. Nxe5 Nxe5 24. Rga1 f6 25. Rxe6 Qxc5 26. Rc1 Qb5 27. Rxc8 Rxc8 28. Bf4 Qd7 29. Qf5 Qb7+ 30. Kf1 Qh1+ 31. Ke2 d3+ 32. Ke3 Qf3+ 0-1